Statistics for Pokemon all Johto Gym Leaders and their types

Click here to take the quiz!

General Stats

  • This quiz has been taken 105 times
  • The average score is 6 of 8

Answer Stats

LeaderType% Correct
BugsyBug
95%
FalknerFlying
91%
WhitneyNormal
89%
MortyGhost
82%
ChuckFighting
70%
PryceIce
60%
JasmineSteel
60%
ClairDragon
56%

Score Distribution

Percentile by Number Answered

Percent of People with Each Score

Your Score History

You have not taken this quiz